000 01044nam a2200301Ia 4500
003 OSt
005 20221006160412.0
006 a|||||r|||| 00| 0
007 ta
008 221006b |||||||| |||| 00| 0 eng d
020 _a9780415322546
_c9164.00
024 _a45,142
037 _bGift, Japan Foundation
_cTextual
040 _aEASL
_cEASL
_beng
041 _2eng
_aeng
082 _aX56.49B.P01, P4
100 _aFan Joseph P. H. Ed.
_9673308
245 0 _aDesigning financial systems in East Asia and Japan
260 _aLondon
_bRoutledge
_c2004
300 _a406p.
_ccm.
490 _v Oth
_aRoutledgeCurzon Studies in the growth economies of Asia
650 _a Corporate sector and new technology - Issues in governance
_9673309
650 _a Financial system - New design of
_9673310
650 _a Gen
650 _aJapan - East Asia - Financial markets and institutions
_9673311
942 _hX56.49B.P01, P4
_cTEXL
_2CC
999 _c1113234
_d1113234